| 000 | 01772nam a22003014a 4500 | ||
|---|---|---|---|
| 005 | 20110331141652.0 | ||
| 010 | _aB-426456-460 | ||
| 020 |
_a9788129114563 _c295.00 |
||
| 035 | _aB-426456-460 | ||
| 037 | _aRupa | ||
| 037 | _aRBC/Ven | ||
| 082 | 0 | 4 | _a352.630954 |
| 100 | 1 |
_aMisra, B.K. _929561 |
|
| 245 | 1 | 0 |
_aIndian Administrative Service : _bthe case for reform / _cby B.K. Misra |
| 260 |
_aNew Delhi _bRupa _c2009 |
||
| 270 |
_a7/16, Ansari Road, Daryaganj _bNew Delhi _e110002 |
||
| 300 |
_aviii, 133 p. _c22cm(Hb) |
||
| 500 | _aIncludes index | ||
| 610 | 2 | 0 |
_aIndian Administrative Service. _929562 |
| 650 | 0 |
_aCivil service reform _zIndia _929563 |
|
| 942 |
_2ddc _cEN _h352.630954 _mMIS |
||
| 999 |
_c51339 _d51339 |
||